[Event "YUG Cup"]
[Site "Ulcinj"]
[Date "1997.??.??"]
[Round "?"]
[White "Andrijasevic, Momir"]
[Black "Kurcubic, Aleksandar"]
[Result "1/2-1/2"]
[WhiteElo "2220"]
[BlackElo "2290"]
[PlyCount "130"]
[EventDate "1997.??.??"]
[EventType "team"]
[EventRounds "7"]
[EventCountry "YUG"]
[SourceTitle "EXT 1999"]
[Source "ChessBase"]
[SourceDate "1998.11.16"]
[SourceVersion "1"]
[SourceVersionDate "1998.11.16"]
[SourceQuality "1"]

1. e4 e5 2. Nf3 Nc6 3. Bc4 Be7 4. 0-0 Nf6 5. d4 d6 6. Re1 0-0 7. h3 exd4 8. Nxd4 Na5 9. Bf1 c5 10. Nf3 d5 11. e5 Ne8 12. Bf4 Nc7 13. Qd2 Ne6 14. Nc3 d4 15. Ne4 Nc6 16. Bg3 Kh8 17. Nd6 Nxe5 18. Rxe5 Qxd6 19. Rh5 Qd8 20. Bd3 Bf6 21. Bxh7 Re8 22. Re1 Nf8 23. Be4+ Kg8 24. Rxc5 Re7 25. c3 Qe8 26. Bd5 dxc3 27. bxc3 Be6 28. c4 Rd8 29. Rc7 Ng6 30. Qa5 Bxd5 31. Rcxe7 Nxe7 32. cxd5 b6 33. Qxa7 Rxd5 34. Qxb6 Qa8 35. Qb8+ Qxb8 36. Bxb8 Ra5 37. Be5 Bxe5 38. Rxe5 Nd5 39. Nd4 Rc5 40. Nb3 Rb5 41. a4 Rxb3 42. Rxd5 Ra3 43. Rd4 f6 44. h4 Kh7 45. Rf4 Kg6 46. Kf1 Kh5 47. Ke2 Ra2+ 48. Ke3 Ra3+ 49. Kd2 g5 50. Rxf6 Kxh4 51. Ra6 Ra2+ 52. Ke3 Ra3+ 53. Ke4 Ra2 54. f3 Rxg2 55. Ra8 Ra2 56. Kf5 Kg3 57. Kxg5 Kxf3 58. Kf5 Ke3 59. Ke5 Kd3 60. Kd5 Rh2 61. Rg8 Rh5+ 62. Kc6 Kc4 63. Rg4+ Kb3 64. Kb6 Rh6+ 65. Kc5 Rh5+ 1/2-1/2

[Event "YUG Cup"]
[Site "Ulcinj"]
[Date "1997.??.??"]
[Round "?"]
[White "Andrijasevic, Momir"]
[Black "Todorcevic, Miodrag"]
[Result "0-1"]
[WhiteElo "2220"]
[BlackElo "2470"]
[PlyCount "63"]
[EventDate "1997.??.??"]
[EventType "team"]
[EventRounds "7"]
[EventCountry "YUG"]
[SourceTitle "EXT 1999"]
[Source "ChessBase"]
[SourceDate "1998.11.16"]
[SourceVersion "1"]
[SourceVersionDate "1998.11.16"]
[SourceQuality "1"]

1. e4 g6 2. d4 Bg7 3. h4 h5 4. Nc3 d6 5. Bg5 c6 6. Qd2 b5 7. a4 b4 8. Nd1 a5 9. c4 Nf6 10. f3 Nbd7 11. Nf2 0-0 12. Rd1 b3 13. Ne2 Ba6 14. Nc1 Rb8 15. Be2 c5 16. e5 Nh7 17. Bh6 dxe5 18. Bxg7 Kxg7 19. dxe5 Nb6 20. Qxa5 Qc8 21. Nxb3 Nxc4 22. Qc3 Nxb2 23. Bxa6 Nxd1 24. Qc4 Ne3 25. Qe2 Nxg2+ 26. Kf1 Nf4 27. Qc4 Qf5 28. Ne4 Rfd8 29. Kf2 Nd3+ 30. Kg2 Rb4 31. Qc3 Rxe4 32. Bxd3 0-1

[Event "YUG Cup"]
[Site "Ulcinj"]
[Date "1997.??.??"]
[Round "?"]
[White "Kojovic, Dragan"]
[Black "Andrijasevic, Momir"]
[Result "1-0"]
[WhiteElo "2275"]
[BlackElo "2220"]
[PlyCount "147"]
[EventDate "1997.??.??"]
[EventType "team"]
[EventRounds "7"]
[EventCountry "YUG"]
[SourceTitle "EXT 1999"]
[Source "ChessBase"]
[SourceDate "1998.11.16"]
[SourceVersion "1"]
[SourceVersionDate "1998.11.16"]
[SourceQuality "1"]

1. d4 Nf6 2. c4 g6 3. Nc3 Bg7 4. e4 d6 5. h3 0-0 6. Bg5 c6 7. Nf3 Qa5 8. Qd2 e5 9. d5 Nbd7 10. a3 Re8 11. Be2 Qc7 12. b4 cxd5 13. cxd5 h6 14. Be3 Kh7 15. Rc1 a6 16. Nb5 Qb8 17. Nc7 Nxe4 18. Qc2 Nef6 19. Nxe8 Nxe8 20. h4 Ndf6 21. h5 Bf5 22. hxg6+ fxg6 23. Bd3 Qc8 24. Qd2 Qd7 25. Bxh6 Bxd3 26. Ng5+ Kg8 27. Qxd3 Rc8 28. Rd1 Qf5 29. Qxf5 gxf5 30. Bxg7 Kxg7 31. Ne6+ Kg6 32. Rh3 Ng4 33. Rh8 e4 34. Ke2 Ngf6 35. f3 Rc2+ 36. Rd2 Rc3 37. fxe4 fxe4 38. Rh3 Rc1 39. Rg3+ Kf7 40. Nd8+ Kf8 41. Nxb7 Nc7 42. Nxd6 Ncxd5 43. Rxd5 Nxd5 44. Nxe4 Kf7 45. Kd2 Rc6 46. Rg5 Nb6 47. Kd3 Nc4 48. Rc5 Rxc5 49. Nxc5 Nxa3 50. Nxa6 Ke6 51. Ke4 Nb5 52. Nc5+ Kf6 53. Kd5 Kf5 54. Nd3 Na3 55. Ne1 Kf6 56. Kc6 Ke7 57. b5 Kd8 58. Nf3 Nc4 59. g4 Kc8 60. g5 Ne3 61. Ne5 Nf5 62. b6 Ne7+ 63. Kd6 Nf5+ 64. Ke6 Nh4 65. Kf6 Kb7 66. Nc4 Kc6 67. g6 Nxg6 68. Kxg6 Kb7 69. Kf6 Kc6 70. Ke6 Kb7 71. Kd7 Kb8 72. Kc6 Ka8 73. Nd6 Kb8 74. b7 1-0